Klastry: módní pojem, nebo skuteční zdroj konkurenceschopnosti?
Pojem priemyselný klaster. Klaster a konkurencieschopnosť, kritická reflexia. Charakteristika klastrov. Ich prínos pre konkurencieschopnosť. Intenzita vzájomných vzťahov medzi členmi klastrov.
Salvato in:
| Autore principale: | |
|---|---|
| Altri autori: | |
| Natura: | Capitolo di libro |
| Lingua: | ceco |
| Soggetti: | |
| Tags: |
Nessun Tag, puoi essere il primo ad aggiungerne!!
|
MARC
| LEADER | 00000naa a2200000 4500 | ||
|---|---|---|---|
| 001 | 0129212 | ||
| 005 | 20231208072015.0 | ||
| 041 | 0 | |a cze | |
| 044 | |a SK | ||
| 245 | 1 | 0 | |a Klastry: módní pojem, nebo skuteční zdroj konkurenceschopnosti? |c Jiří Blažek, Iva Kuncová |
| 520 | |a Pojem priemyselný klaster. Klaster a konkurencieschopnosť, kritická reflexia. Charakteristika klastrov. Ich prínos pre konkurencieschopnosť. Intenzita vzájomných vzťahov medzi členmi klastrov. | ||
| 610 | 2 | 0 | |a klaster |
| 610 | 2 | 0 | |a kooperácia medzipodniková |
| 610 | 2 | 0 | |a konkurencieschopnosť |
| 610 | 2 | 0 | |a Česko |
| 610 | 2 | 0 | |a kooperácia medziodvetvová |
| 100 | 1 | |a Blažek, Jiří | |
| 700 | 1 | |a Kuncová, Iva | |